Great expectations
Novela ambientada a principios y mediados del siglo XIX, en la cual se narra la historia de Pip, un joven huérfano que tras un encuentro con un convicto, su vida da un gran giro al tener la oportunidad de poder ascender socialmente cuando se convierte en el compañero de juego de la hija adoptiva de...
Kaydedildi:
| Yazar: | |
|---|---|
| Materyal Türü: | Kitap |
| Dil: | Undetermined |
| Baskı/Yayın Bilgisi: |
Gran Bretaña
Penguin Books
1972
|
| Konular: | |
| Etiketler: |
Etiketle
Etiket eklenmemiş, İlk siz ekleyin!
|
MARC
| LEADER | 00000nam a2200000Ia 4500 | ||
|---|---|---|---|
| 008 | 170316s9999 xx 000 0 und d | ||
| 040 | |a cru BVZT | ||
| 090 | |a 820 D-5g | ||
| 100 | |a Dickens, Charles | ||
| 245 | |a Great expectations | ||
| 260 | |a Gran Bretaña | ||
| 260 | |b Penguin Books | ||
| 260 | |c 1972 | ||
| 300 | |a 510 páginas | ||
| 520 | |a Novela ambientada a principios y mediados del siglo XIX, en la cual se narra la historia de Pip, un joven huérfano que tras un encuentro con un convicto, su vida da un gran giro al tener la oportunidad de poder ascender socialmente cuando se convierte en el compañero de juego de la hija adoptiva de una mujer adinerada. Esta obra está en inglés. | ||
| 650 | |a LITERATURA INGLESA |9 12 | ||
| 999 | |c 6861 |d 6861 | ||
| 942 | |c 15 D |h 820 D-5g |2 z | ||
